| 000 | 00882cam a2200157ua 4500 | ||
|---|---|---|---|
| 003 | OSt | ||
| 008 | 220208b ||||| |||| 00| 0 eng d | ||
| 041 | _aeng | ||
| 082 |
_a532 _bCEN/FL |
||
| 100 |
_aCengel, Youns a . _95171 |
||
| 245 | _aFluid mechanics / | ||
| 260 |
_aNew Delhi : _bTata MC Graw hill , _c2006. |
||
| 300 |
_a889 ; _e`. |
||
| 505 | _a 1INTRODUCTION AND BASIC CONCEPTS, 2 PROPERTIES OF FLUIDS, 3PRESSURE AND FLUID STATICS , 4 FLUID KINEMATICS , 5 MASS, BERNOULLI, AND ENERGY EQUATIONS, 6 MOMENTUM ANALYSIS OF FLOW SYSTEMS, 7 DIMENSIONAL ANALYSIS AND MODELING, 8 FLOW IN PIPES , 9 DIFFERENTIAL ANALYSIS OF FLUID FLOW , 10 APPROXIMATE SOLUTIONS OF THE NAVIER–STOKES EQUATION , 11 FLOW OVER BODIES: DRAG AND LIFT , 12 COMPRESSIBLE FLOW , 13 OPEN-CHANNEL FLOW 14 TURBOMACHINERY , 15 INTRODUCTION TO COMPUTATIONAL FLUID DYNAMICS, | ||
| 942 | _cBK | ||
| 999 |
_c13101 _d13101 |
||